000 00865nam a2200301 a 4500
001 000114258
003 CHAP
005 20220329144433.0
008 171201s1986 mx |r| ||||f|spa d
010 _a110719
011 _a111691
020 _a0671443283 (Ed. original)
040 _cCHAP
082 0 4 _a813.54
_bA56 1986
100 1 _aAndrews, Virginia Cleo
_9134192
245 1 0 _aSemillas del ayer /
_cpor Virginia Cleo Andrews.
250 _a2 ed.
260 _aMéxico, d.f. :
_bPlaza & Janes,
_c1986.
300 _a350 p.
534 _pTít. original:
_tSeeds of Yesterday
590 _aE11695DGD
_b10
_c20171201
_lUCH01
_h1200
590 _aE5765TAJ
_b05
_c20171201
_lUCH01
_h0840
650 1 4 _aLiteratura estadounidense
_ySiglo XX.
_9134194
650 1 4 _aNovela estadounidense
_ySiglo XX.
_9134193
901 _aBK
942 _cLIBRO
942 _n0
999 _c110719
_d110719